| 000 | 00970pam a2200301 i 4500 | ||
|---|---|---|---|
| 001 | 3226828 | ||
| 003 | OSt | ||
| 005 | 20210915085255.0 | ||
| 008 | 790717s1980 nyua b 001 0 eng | ||
| 010 | _a 79018136 | ||
| 020 | _a0070491801 | ||
| 040 |
_aDDC _cHU _dDLC |
||
| 050 | 0 | 0 |
_aTA340 _b.P43 |
| 082 | 0 | 0 | _a519.2/PEE |
| 100 | 1 |
_aPeebles, Peyton Z. _93700 |
|
| 245 | 1 | 0 |
_aProbability, random variables, and random signal principles / _cPeyton Z. Peebles, Jr. |
| 260 |
_aNew York : _bMcGraw-Hill, _cc1980. |
||
| 300 |
_axvii, 267 p. : _bill. ; _c24 cm. |
||
| 440 | 0 |
_aCommunications and information theory _93701 |
|
| 440 | 0 |
_aMcGraw-Hill series in electrical engineering _93702 |
|
| 500 | _aIncludes index. | ||
| 504 | _aBibliography: p. 257-258. | ||
| 650 | 0 |
_aProbabilities. _92312 |
|
| 650 | 0 |
_aRandom variables. _93703 |
|
| 650 | 0 |
_aSignal theory (Telecommunication) _93614 |
|
| 906 |
_a7 _bcbc _corignew _d1 _eocip _f19 _gy-gencatlg |
||
| 942 |
_2ddc _cBOOKS _n0 |
||
| 999 |
_c3930 _d3930 |
||